000 01242nam0a22002891 4500
001 v19\rc\1962693
005 20251118181019.0
035 _a(NLR Aleph) 005046298
090 _a6846943
_c6846943
100 _a20251123 rusy50
101 0 _arus
102 _aRU
105 _ay z |||||
200 1 _aНефть, ее дериваты и применение их для двигателей внутреннего сгорания
_fК.В. Харичков
210 _aСанкт-Петербург
_cтипо-лит. М.П. Фроловой
_d[1913]
215 _a16 с.
_d24
309 _aБез тит. л. и обл.
311 _aОтт. из "Изв. Бюро по с.-х. механике". 1913 г., вып. 1
488 0 _12001#$aИзвестия Бюро по сельскохозяйственной механике$v1913, вып. 1
_tИзвестия Бюро по сельскохозяйственной механике
700 1 _aХаричков
_bК.В.
_f1865-1921
_gКонстантин Васильевич
801 0 _aRU
_bNLR
_gpsbo
801 0 _aRU
_bRuMoRGB
_2psbo
801 1 _aRU
_bProSoft-M
_2rusmarc
852 _aNLR
_j20.31.9.329
899 _aRuMoRGB
_jV 152/86
942 _cBOOK
980 _aNB